Neighbourhood management: On course for real change? (Record no. 70648)
[ view plain ]
| 000 -LEADER | |
|---|---|
| fixed length control field | 01073cam a2200229 4500 |
| 001 - CONTROL NUMBER | |
| control field | ABS65664 |
| 008 - FIXED-LENGTH DATA ELEMENTS--GENERAL INFORMATION | |
| fixed length control field | 020702n2002 000 0 eng u |
| 035 ## - SYSTEM CONTROL NUMBER | |
| System control number | (Sirsi) u118634 |
| 100 ## - MAIN ENTRY--PERSONAL NAME | |
| Personal name | Cane, M. |
| 245 ## - TITLE STATEMENT | |
| Title | Neighbourhood management: On course for real change? |
| 260 ## - PUBLICATION, DISTRIBUTION, ETC. | |
| Date of publication, distribution, etc. | 2002 |
| 490 ## - SERIES STATEMENT | |
| Series statement | Urban Environment Today |
| Volume/sequential designation | (147) 16 May 2002, 10-11(2) |
| 520 ## - SUMMARY, ETC. | |
| Summary, etc. | Examines the performance neighbourhood management which is seen as a key part of the governments strategy to deliver the transformation of run down areas. Looks at various schemes such as east Manchester's New Deal for Communities. Key issues are ensuring the scheme are sustainable and will enable the local population to benefit as the area improves. Notes that many of the schemes are having problems with spending their budgets to target. |
| 590 ## - LOCAL NOTE (RLIN) | |
| Local note | ABS |
| 650 ## - SUBJECT ADDED ENTRY--TOPICAL TERM | |
| Topical term or geographic name entry element | NEIGHBOURHOOD MANAGEMENT |
| 650 ## - SUBJECT ADDED ENTRY--TOPICAL TERM | |
| Topical term or geographic name entry element | NEIGHBOURHOOD REGENERATION |
| 650 ## - SUBJECT ADDED ENTRY--TOPICAL TERM | |
| Topical term or geographic name entry element | INNER CITY INITIATIVES |
| 650 ## - SUBJECT ADDED ENTRY--TOPICAL TERM | |
| Topical term or geographic name entry element | SOCIAL INCLUSION UNIT |
| 650 ## - SUBJECT ADDED ENTRY--TOPICAL TERM | |
| Topical term or geographic name entry element | NEW DEAL FOR COMMUNITIES |
| 690 ## - LOCAL SUBJECT ADDED ENTRY--TOPICAL TERM (OCLC, RLIN) | |
| Topical term or geographic name as entry element | REGENERATION |
| 942 ## - ADDED ENTRY ELEMENTS (KOHA) | |
| Suppress in OPAC | 0 |
| Withdrawn status | Lost status | Source of classification or shelving scheme | Damaged status | Not for loan | Home library | Current library | Shelving location | Date acquired | Total Checkouts | Full call number | Barcode | Date last seen | Copy number | Price effective from | Koha item type |
|---|---|---|---|---|---|---|---|---|---|---|---|---|---|---|---|
| Dewey Decimal Classification | London | London | Journal article | 02/07/2002 | ABS65664 | 118634-1001 | 06/08/2019 | 1 | 06/08/2019 | Journal article |